LEGO Star Wars Minifiguren Quiz - Statistiken

Allgemein
  • Dieses Quiz wurde 419 mal gespielt
  • Das Durchschnittsergebnis liegt bei 39 aus 276
Antwortstatistiken
Group 1. Minifigur Charakter % Korrekt
IV 1999 Anakin Skywalker / Darth Vader
93%
IV 1999 Obi-Wan Kenobi
88%
IV 1999 Luke Skywalker
86%
V 2002 Yoda
76%
IV 2000 Leia Organa
75%
IV 2000 Han Solo
74%
V 2001 Sheev Palpatine
73%
I 1999 Darth Maul
72%
IV 1999 R2-D2
71%
I 1999 Padmé Amidala
70%
IV 2000 C-3PO
69%
CW 2008 Captain Rex
69%
I 1999 Qui-Gon Jinn
67%
V 2000 Boba Fett
65%
I 2005 Mace Windu
65%
IV 2000 Chewbacca
64%
VII 2015 Rey
64%
III 2008 Commander Cody
63%
II 2002 Jango Fett
62%
VII 2015 Ben Solo / Kylo Ren
57%
I 1999 Jar Jar Binks
57%
VI 2003 Jabba der Hutte
56%
VII 2015 Finn
53%
CW 2008 Ahsoka Tano
52%
III 2012 Commander Gree
52%
III, C (Legends) 2005 General Grievous
50%
II 2002 Count Dooku / Darth Tyranus
49%
V 2003 Lando Calrissian
46%
II 2005 Kit Fisto
43%
I 2011 Ki-Adi Mundi
42%
VII 2015 BB-8
41%
IX 2019 D-O
41%
I 2007 Plo Koon
39%
VII 2015 Poe Dameron
39%
IV 2006 Wilhuff Tarkin
37%
M 2019 Din Djarin
33%
CW, C (Legends) 2008 Asajj Ventress
32%
CW 2010 Cad Bane
32%
I 2001 Watto
32%
II 2010 Aayla Secura
31%
M 2020 Grogu
31%
VII 2016 Snoke
31%
R 2014 Ezra Bridger
29%
CW 2011 Savage Opress
29%
CW 2008 Commander Fox
28%
R 2014 Sabine Wren
27%
II 2019 Bail Prestor Organa
26%
RO 2016 Cassian Andor
26%
R 2014 Kanan Jarrus
26%
I 2009 Nute Gunray
26%
CW 2021 Echo
25%
II 2011 Shaak Ti
25%
V 2010 Bossk
24%
VII 2015 Armitage Hux
23%
VII 2015 Captain Phasma
23%
CW 2011 Commander Wolffe
23%
VI 2009 Gial Ackbar
23%
II 2005 Luminara Unduli
23%
I 1999 Sebulba
23%
R 2017 Großadmiral Thrawn
22%
BB 2022 Omega
20%
R 2014 C1-10P
19%
RO 2016 Jyn Erso
19%
M 2021 Bo-Katan Kryze
18%
IV 2004 Greedo
18%
R 2014 Hera Syndulla
18%
CW 2021 Hunter
18%
VIII 2017 Rose Tico
18%
II 2010 Barriss Offee
17%
VI 2003 Bib Fortuna
17%
V 2006 IG-88
17%
IV 2005 Owen Lars
17%
II 2013 Poggle der Geringere
17%
CW 2021 Tech
17%
VI 2002 Wicket W. Warrick
17%
CW 2021 Wrecker
17%
R 2014 Zeb Orrelius
17%
I 2011 Aurra Sing
16%
FU 2008 Galen Marek
16%
CW 2021 Crosshair
15%
OR 2012 Darth Malgus
15%
VI 2009 Mon Mothma
15%
OR 2014 Darth Revan
14%
CW 2011 Embo
13%
R 2015 Großinquisitor
13%
IV 2022 Beru Lars
12%
CW 2016 Commander Gregor
12%
V 2006 Dengar
12%
III 2014 Häuptling Tarfful
12%
RO 2016 K-2SO
12%
VII 2015 Maz Kanata
12%
RO 2016 Orson Krennic
12%
CW 2013 Pong Krell
12%
I 2011 Quarsh Panaka
12%
I 2011 Eeth Koth
11%
CW 2009 Hondo Ohnaka
11%
V 2002 Lobot
11%
M 2021 Moff Gideon
11%
I 2011 Saesee Tiin
11%
II 2013 Stass Allie
11%
M 2021 Fennec Shand
10%
M 2020 IG-11
10%
CW 2012 Pre Vizsla
10%
II 2012 Agen Kolar
9%
R 2015 Alexsandr Kallus
9%
VIII 2017 Amilyn Holdo
9%
I 2012 Even Piell
9%
S 2018 Qi'ra
9%
IV 2006 Wedge Antilles
9%
V 2017 4-LOM
8%
M 2019 Cara Dune
8%
VIII 2018 DJ
8%
M 2020 Greef Karga
8%
V 2006 Maximilian Veers
8%
I 2011 Quinlan Vos
8%
IV 2006 Raymus Antilles
8%
VIII 2017 BB-9E
7%
RO 2016 Chirrut Îmwe
7%
II 2014 Coleman Trebor
7%
VI 2013 Max Rebo
7%
CW 2008 Rotta der Hutt
7%
II 2002 Zam Wesell
7%
A 2023 Baylan Skoll
6%
RO 2016 Baze Malbus
6%
V 2011 Firmus Piett
6%
IV 2021 Jan Dodonna
6%
CW 2010 Nahdar Vebb
6%
VI 2012 Oola
6%
M 2021 Paz Vizsla
6%
II 2002 R4-P17
6%
OR 2012 Satele Shan
6%
CW 2011 Sugi
6%
VI 2013 Teebo
6%
S 2018 Tobias Beckett
6%
FO 2022 BD-1
5%
IV 1999 Biggs Darklighter
5%
III 2014 Commander Neyo
5%
CW 2023 Huyang
5%
FU 2008 Juno Eclipse
5%
GE 2020 Lieutenant Bek
5%
I 2015 Roos Tarpals
5%
VI 2012 Salacious B. Crumb
5%
A 2023 Shin Hati
5%
II 2022 Taun We
5%
I 2012 TC-14
5%
S 2018 Val
5%
RO 2016 Bodhi Rook
4%
III 2010 Captain Jag
4%
IX 2019 Enric Pryde
4%
R 2016 Fünfter Bruder
4%
VI 2009 Häuptling Chirpa
4%
M 2022 Kuiil
4%
VI 2011 Logray
4%
A 2023 Morgan Elsbeth
4%
VI 2002 Paploo
4%
IV 2020 Ponda Baba
4%
CW 2009 Turk Falso
4%
I 2011 Wald
4%
V 2019 Zuckuss
4%
I 2000 Aldar Beedo
3%
IV 2020 Cornelius Evazan
3%
S 2018 Enfys Nest
3%
I 1999 Gasgano
3%
IV 2019 Iden Versio
3%
IX 2020 Jannah
3%
IV 2012 Jek Porkins
3%
VII 2016 Lor San Tekka
3%
VI 2013 Malakili
3%
A 2023 Marrok
3%
CW 2012 R3-D5
3%
IV 2005 R5-D4
3%
S 2018 Rio Durant
3%
VII 2016 Teedo
3%
VI 2006 Ten Numb
3%
VII 2016 Unkar Plutt
3%
IX 2019 Zorii Bliss
3%
VII 2017 Bala-Tik
2%
RO 2016 Bistan
2%
CW 2023 Captain Vaughn
2%
V 2013 Carlist Rieekan
2%
VI 2009 Crix Madine
2%
IV 1999 Dutch Vander
2%
VI 2003 EV-9D9
2%
CW 2021 Gar Saxon
2%
A 2023 Jacen Syndulla
2%
V 2007 K-3PO
2%
VI 2012 Kithaba
2%
RO 2017 Moroff
2%
I 2009 Onaconda Farr
2%
RO 2016 Pao
2%
VI 2006 R2-Q5
2%
V 2011 R-3PO
2%
CW 2009 R7-A7
2%
VI 2013 Ree-Yees
2%
OW 2022 Reva Sevander
2%
VII 2016 Snap Wexley
2%
AN 2022 Syril Karn
2%
VII 2015 Tasu Leech
2%
M 2021 Waffenschmiedin
2%
IV 2020 Wuher
2%
CW 2010 A4-D
1%
VI 2014 Airen Cracken
1%
RO 2018 Antoc Merrick
1%
BF 2022 BD-72
1%
IX 2019 Boolio
1%
RS 2019 Bucket
1%
VII 2018 Caluan Ematt
1%
A 2023 Captain Porter
1%
V 1999 Dak Ralter
1%
S 2018 DD-BD
1%
VII 2016 Dopheld Mitaka
1%
RS 2019 Elrik Vonreg
1%
IV 2020 Garindan ezz Zavor
1%
IV 2023 Garven Dreis
1%
RS 2019 Griff Halloran
1%
IV 2020 Hrchek Kal Fas
1%
OR 2012 Jace Malcom
1%
R 2016 Jun Sato
1%
IV 2020 Kabe
1%
JJ 2023 Kai Brightstar
1%
IV 2020 Kardue'sai'Malloc
1%
VII 2019 Kaydel Ko Connix
1%
RS 2019 Kazuda Xiono
1%
A 2023 Lieutenant Beyta
1%
AN 2022 Luthen Rael
1%
JJ 2023 Lys Solay
1%
S 2018 Moloch
1%
IV 2020 Momaw Nadon
1%
OW 2022 NED-B
1%
VIII 2017 Paige Tico
1%
M 2022 Peli Motto
1%
S 2018 Quay Tolsite
1%
IV 2005 R1-G4
1%
IV 2023 R2-BHD
1%
I 2007 R2-R7
1%
V 2016 R3-A2
1%
IV 2018 R3-T2
1%
III 2007 R4-G9
1%
C 2015 R4-P22
1%
III 2010 R4-P44
1%
IV 2018 R5-A2
1%
IV 2012 R5-D8
1%
IV 2012 R5-F7
1%
VI 2012 R5-J2
1%
CW 2010 R7-D4
1%
CW 2010 Shahan Alama
1%
OR 2012 T7-01
1%
OW 2022 Tala Durith
1%
VIII 2018 Tallie Lintra
1%
VII 2017 Taslin Brance
1%
I (gelöschte Szenen) 2014 TC-4
1%
IV 2014 Theron Nett
1%
CW 2010 Thi-Sen
1%
VI 2016 Tiaan Jerjerrod
1%
CW 2022 Todo 360
1%
VI 2011 Tokkat
1%
V 2016 Toryn Farr
1%
CW 2011 TX-20
1%
M 2023 Vane
1%
A 2023 Vic Hawkins
1%
GE 2020 Vi Moradi
1%
I 2018 Weazel
1%
V 2016 Wes Janson
1%
V 2016 Will Scotian
1%
R 2015 Wullffwarro
1%
V 2009 Zev Senesca
1%
V 2016 Bren Derlin
0%
VIII 2017 Edrison Peavey
0%
III 2005 FX-6
0%
IX 2019 K3-R1
0%
IV 2016 R3-M3
0%
CW 2011 R8-B4
0%
S 2018 S1D6-SA-5
0%
IV 2016 U-3PO
0%
S 2018 Zuzanu Latt
0%
Keine übereinstimmenden Quizze gefunden
Verteilung der Resultate
Anzahl Personen mit jedem Resultat
Perzentil nach korrekt beantworteten Fragen
Ihre Resultats-Entwicklung
Sie haben dieses Quiz noch nicht gespielt